000 06416nam a22004217a 4500
001 BRCA_8628
002 LM-35
003 FranzMayer
005 20260401112357.0
008 260401s1778 sp ||||gr|||| 001 | sp d
040 _aBMFM
_bspa
041 0 _aspa
050 0 _aRS177.57
_b.P35 1778
100 1 _aPalacios, Felix
_d(1677-1737)
_921271
245 1 0 _aPalestra Farmaceutica chimico-galenica /
_cFelix Palacios
246 1 3 _aPalestra farmacéutica químico-galénica
260 _aMadrid, España :
_bJoaquín Ibarra ;
_c1778
300 _a[20], 736 páginas :
_bcalcografías ;
_c32 x 22.5 x 6.5 cm
500 _aFecha completa de publicación: 09/01/1778
520 3 _aDividida en cinco partes, esta obra aborda la selección, preparación y aplicación de medicamentos, conforme a las doctrinas químicas y galénicas, integrando conocimientos tanto antiguos como modernos. Ofrece una descripción detallada de diversas preparaciones farmacéuticas utilizadas en Europa y está dirigida a médicos, cirujanos, boticarios y otros profesionales de la salud de la época.
_bFue impresa por Joaquín Ibarra y Marín, uno de los impresores más renombrados del siglo XVII. Su autor, D. Félix Palacios,fue boticario mayor de las Reales Boticas de S. M. en la ciudad de Alcalá la Real, lo que da cuenta de su experiencia profesional en el ambito farmacéutico y del carácter oficial de esta publicación. La edición incluye un “Discurso preliminar a la Pharmacia”, en el que el autor responde a las críticas de sus detractores y expone su visión científica, defendiendo la incorporación de la química a la práctica farmacéutica. También presenta varias láminas con ilustraciones de vasijas, hornos e instrumentos utilizados en la preparación de medicamentos químicos.
563 _aOtras referencias físicas: Encuadernación entera en pergamino. El cuerpo del libro está formado por pulpa de trapo, hecho a mano, con marcas de verjurado y marcas de agua. El cuerpo del libro se volvió a coser durante la reencuadernación. Está unido por cuadernillos unidos mediante costura alternada sobre tres soportes elevados y dobles de piel alumada; las prolongaciones de los soportes se usaron para unir el cuerpo a la cartera. Hojas de guarda repuestas. Lomera ligeramente redonda con endoses transversales de papel en todos los paneles. Cabezadas repuestas tejidas con hilo azul y blanco con almas de piel alumada y prolongaciones enlazadas a la cartera. Cantos refinados. Soportes de las tapas de cartón. Texto impreso
591 _aEstado de Conservación: Bueno
591 _bDescripción de conservación: Reencuadernado e intervenido. Las hojas del cuerpo tienen refuerzos y algunas fueron laminadas; la costura, los endoses, las cabezadas, las hojas de guarda y la cartera se hicieron durante la reencuadernación. Suciedad mínima y galerías de insectos
592 _aMarcas Adicionales: Resto del título e información en portada: <<<en la qual se trata de la eleccion de los sim [ples] sus Preparaciones Chimicas, y Galénicas, y de las mas selectas [de]cisiones antiguas, y modernas, usuales, tanto en Madrid, como Europa, descritas por los Antiguos, y Modernos, con las [...] necesarias, y mas nuevas, que hasta lo presente se ha [cen] cantes á su perfecta elaboracion, virtudes, y [...] en los Enfermos. Obra muy util, y necesaria para todos [...] de la Medicina, Médicos, Cirujanos, y en particular [...] en esta última impresión>><<Al señor doctor Don [...] Proto-médico de los Reales Ejércitos, [...] Presidente de la Régia Sociedad [...] Y del Real Proto-Medicato, primer [...] De D. Felipe V, y de su [...]>>. Marca tipografíca del impresor en la portada. Dedicatoria a Doctor Don Juan Higgins ([1] página). Licencia de impresión otorgada a Joaquin Ibarra: <<Don Antonio Martinez Salazar, del Consejo de S. M. su Secretario Contador de Resultas, Escribano de Cámara mas antiguo, y de Gobierno del Consejo: Certifico, que por los Señores de él se ha concebido Licencia á D. Joachin Ibarra, Impresor de Cámara de S. M. para que por una vez pueda reimpimir, y vender el libro intitulado: Palestra Farmacéutica Chímico-Galénica, con tal que sea en papel fino, y buena estampa, y por el exemplar, que vá rubricado, y firmado en la primera, y última foja por mi, y las demas por D. Vicente Camacho, Oficial segundo de la Escribanía de Cámára de Gobierno del Consejo, á cuyo cargo esta el despacho de esta comisión, guardando en la reimpresión lo prevenido, y despuesto en las Leyes , y Pragmáticas de estos Reynos, presentados al Señor Juez de Imprentas, ó persona que nombre el papel en que se haya de executar, entregando un exemplar impreso en la Real Biblioteca de S. M. otro en la del Escorial, y trayendo tres al Consejo, junto con el que sirve de original para darles el destino que esta prevenido; y sin que resulte haberlo cumplido, el Impresor no entregue la Obra, ni se proceda á su venta pena de ser denunciada. Y para que conste doy la presente, que firmo en Madrid á nueve de Enero de mil setecientos setenta y ocho.>> (página [6]). Aprobación del padre D. Josef Losada Y Somoza (página [2]). Incluye: <<Explicación de las laminas, en donde se hallan los hornos, vasos, y varios instrumentos chímico-farmecéuticos, necesarios para las operaciones>> (página [8]). Contiene una tabla de los capitulos de la obra (páginas [9] y [10]). Incluye: <<Explicacion de los mas comunes caracteres chímicos>> (página [11]). Cuatro láminas calcográficas . Incluye indice: <<De las cosas mas memorables contenidas en esta obra>> (página 709). Texto dividido en dos columnas con apostillas marginales y reclamos
593 _aColección adicional: Tratados, compendios y manuales
650 1 0 _aPharmacy
_xhistory
_930129
650 1 0 _aPharmacy
_yEarly works to 1800
_930130
650 1 0 _aMedicine
_yEarly works to 1800
_930131
650 1 0 _aMedicine
_xGalenic medicine
_930132
650 1 0 _aPharmacopoeias
_xHistory
_930133
650 1 0 _aPharmacopoeias
_yEarly works to 1800
_zSpain
_930134
650 1 0 _aPharmacists
_xHistory
_zSpain
_930135
700 1 _aIbarra, Joaquín
_d(1725-1785)
_eimpresor
_921271
856 4 1 _qTIF//PDF
_uhttps://bibliotecadigital.franzmayer.org.mx/items/2e24aef5-3750-40ec-b5e9-c5c89393d33c
_yBiblioteca Museo Franz Mayer
902 _aKH
_aFM
_aTV
942 _2lcc
_cB
960 _aCS-L3-N3
999 _c11111
_d11111